Truth and other enigmas / (Record no. 1326)
[ view plain ]
| 000 -LEADER | |
|---|---|
| fixed length control field | 00823cam a2200301 a 4500 |
| 001 - CONTROL NUMBER | |
| control field | 1326 |
| 003 - CONTROL NUMBER IDENTIFIER | |
| rucl marc code | BD-RjUL |
| 005 - DATE AND TIME OF LATEST TRANSACTION | |
| control field | 20211208233321.0 |
| 008 - FIXED-LENGTH DATA ELEMENTS--GENERAL INFORMATION | |
| fixed length control field | 131125s1978 enk b 001 0 eng |
| 020 ## - INTERNATIONAL STANDARD BOOK NUMBER | |
| International Standard Book Number | 0715609971 : |
| 035 ## - SYSTEM CONTROL NUMBER | |
| System control number | (BD-RjUL)1348 |
| 040 ## - CATALOGING SOURCE | |
| Original cataloging agency | DLC |
| Transcribing agency | DLC |
| Modifying agency | DLC |
| -- | BD-RjUL |
| Language of cataloging | eng |
| 041 ## - LANGUAGE CODE | |
| Language code of text/sound track or separate title | eng |
| 082 00 - DEWEY DECIMAL CLASSIFICATION NUMBER | |
| Classification number | 192 |
| Edition number | 20 |
| Author mark and year | DUT 1978 |
| 100 1# - MAIN ENTRY--PERSONAL NAME | |
| Personal name | Dummett, Michael, |
| Dates associated with a name | 1925-2011. |
| 9 (RLIN) | 3926 |
| 245 10 - TITLE STATEMENT | |
| Title | Truth and other enigmas / |
| Statement of responsibility, etc. | Michael Dummett. |
| 260 ## - PUBLICATION, DISTRIBUTION, ETC. (IMPRINT) | |
| Place of publication, distribution, etc. | London : |
| Name of publisher, distributor, etc. | Duckworth, |
| Date of publication, distribution, etc. | c1978. |
| 300 ## - PHYSICAL DESCRIPTION | |
| Pagination | lviii, 470 p. ; |
| Size | 24 cm. |
| 504 ## - BIBLIOGRAPHY, ETC. NOTE | |
| Bibliography, etc | Includes bibliography. |
| Bibliography, etc | Includes index. |
| 600 10 - SUBJECT ADDED ENTRY--PERSONAL NAME | |
| Personal name | Frege, Gottlob, |
| Dates associated with a name | 1848-1925. |
| 650 #0 - SUBJECT ADDED ENTRY--TOPICAL TERM | |
| Topical term or geographic name as entry element | Philosophy. |
| 9 (RLIN) | 3928 |
| Topical term or geographic name as entry element | Logic. |
| 9 (RLIN) | 3929 |
| Topical term or geographic name as entry element | Time. |
| 9 (RLIN) | 3524 |
| 942 ## - ADDED ENTRY ELEMENTS (KOHA) | |
| Source of classification or shelving scheme | Dewey Decimal Classification |
| Koha item type | Books |
| Lost status | Source of classification or shelving scheme | Damaged status | Not for loan | Collection code | Permanent Location | Current Location | Shelving location | Date acquired | Source of acquisition | Cost, normal purchase price | Total Checkouts | Full call number | Date last seen | Copy number | Koha item type |
|---|---|---|---|---|---|---|---|---|---|---|---|---|---|---|---|
| Dewey Decimal Classification | Non-fiction | Central Library, University of Rajshahi | Central Library, University of Rajshahi | 18/09/1984 | Toppan Tulip | 18.45 | 192 DUT 1978 | 25/11/2013 | C-2 | Books | |||||
| Dewey Decimal Classification | Non-fiction | Central Library, University of Rajshahi | Central Library, University of Rajshahi | 18/09/1984 | Toppan Tulip | 18.45 | 192 DUT 1978 | 25/11/2013 | C-3 | Books | |||||
| Dewey Decimal Classification | Non-fiction | Central Library, University of Rajshahi | Central Library, University of Rajshahi | 18/09/1984 | Tupan tulip | 18.45 | 192 DUT 1978 | 31/03/2014 | C-4 | Books | |||||
| Dewey Decimal Classification | Not For Loan | Non-fiction | Central Library, University of Rajshahi | Central Library, University of Rajshahi | 18/09/1984 | Tupan tulip | 18.45 | 192 DUT 1978 | 31/03/2014 | C-1 | Books |